<?xml version="1.0" encoding="UTF-8"?><?xml-stylesheet type="text/xsl" href="static/style.xsl"?><OAI-PMH xmlns="http://www.openarchives.org/OAI/2.0/" xmlns:xsi="http://www.w3.org/2001/XMLSchema-instance" xsi:schemaLocation="http://www.openarchives.org/OAI/2.0/ http://www.openarchives.org/OAI/2.0/OAI-PMH.xsd"><responseDate>2026-04-14T00:02:31Z</responseDate><request verb="GetRecord" identifier="oai:www.recercat.cat:10230/43093" metadataPrefix="marc">https://recercat.cat/oai/request</request><GetRecord><record><header><identifier>oai:recercat.cat:10230/43093</identifier><datestamp>2025-12-21T20:47:24Z</datestamp><setSpec>com_2072_6</setSpec><setSpec>col_2072_452954</setSpec></header><metadata><record xmlns="http://www.loc.gov/MARC21/slim" xmlns:dcterms="http://purl.org/dc/terms/" xmlns:xsi="http://www.w3.org/2001/XMLSchema-instance" xmlns:doc="http://www.lyncode.com/xoai" xsi:schemaLocation="http://www.loc.gov/MARC21/slim http://www.loc.gov/standards/marcxml/schema/MARC21slim.xsd">
   <leader>00925njm 22002777a 4500</leader>
   <datafield ind2=" " ind1=" " tag="042">
      <subfield code="a">dc</subfield>
   </datafield>
   <datafield ind2=" " ind1=" " tag="720">
      <subfield code="a">Benítez López, Samuel</subfield>
      <subfield code="e">author</subfield>
   </datafield>
   <datafield ind2=" " ind1=" " tag="260">
      <subfield code="c">2019-12-04T13:15:16Z</subfield>
   </datafield>
   <datafield ind2=" " ind1=" " tag="260">
      <subfield code="c">2019-12-04T13:15:16Z</subfield>
   </datafield>
   <datafield ind2=" " ind1=" " tag="260">
      <subfield code="c">2018</subfield>
   </datafield>
   <datafield ind2=" " ind1=" " tag="520">
      <subfield code="a">Tutor: Alan Salvadó Romero</subfield>
   </datafield>
   <datafield ind2=" " ind1=" " tag="520">
      <subfield code="a">Tutor: Jordi Balló</subfield>
   </datafield>
   <datafield ind2=" " ind1=" " tag="520">
      <subfield code="a">Treball de l&amp;apos;assignatura: Iconografia del Cinema, de tercer trimestre del màster en Estudis de Cinema i Audiovisual Contemporanis. Curs 2017-2018</subfield>
   </datafield>
   <datafield ind2=" " ind1=" " tag="520">
      <subfield code="a">La imagen se ha descrito a lo largo de una parte de la tradición como falsedad,&#xd;
como sombra antitética de la realidad. Entonces, ¿de qué estamos hablando cuando nos enfrentamos&#xd;
al motivo visual de la utilización de un gesto característica al sentido del tacto en una&#xd;
imagen? ¿Puede la imagen representarse a un nivel físico/matérico capaz de potenciar una gestualidad&#xd;
de la tactilidad? En las siguientes páginas intentaremos abordar la motivación conceptual&#xd;
que vertebra la representación formal de la relación imagen-tacto. Así mismo, buscaremos establecer&#xd;
una dialéctica de la imagen que nos permita trazar un recorrido por el motivo, para reflexionar&#xd;
sobre la idea de corporalidad como un eco constante en toda una serie de imágenes que&#xd;
resuenan cuando establecemos el motivo en cuestión como marco de referencia.</subfield>
   </datafield>
   <datafield ind2=" " ind1=" " tag="520">
      <subfield code="a">The image has been described in a part of the tradition as falsehood, as an antithetical&#xd;
shadow of reality. So, what are we talking about when we face the visual motive of using a characteristic&#xd;
gesture to the sense of touch in an image? Can the image be represented at a physical /&#xd;
material level capable of enhancing tactility gestures? In the following pages we will try to address&#xd;
the conceptual motivation that underlies the formal representation of the image-touch relationship.&#xd;
Likewise, we will seek to establish a dialectic of the image that allows us to trace a path&#xd;
through the motive, to reflect on the idea of corporality as a constant echo in a series of images&#xd;
that resonate when we establish the figure in question as a reference frame.</subfield>
   </datafield>
   <datafield tag="653" ind2=" " ind1=" ">
      <subfield code="a">Cos humà en la cinematografia</subfield>
   </datafield>
   <datafield tag="653" ind2=" " ind1=" ">
      <subfield code="a">Gest en la cinematografia</subfield>
   </datafield>
   <datafield ind2="0" ind1="0" tag="245">
      <subfield code="a">Breves notas sobre la corporalidad de la imagen.</subfield>
   </datafield>
</record></metadata></record></GetRecord></OAI-PMH>